Stratégia proexportnej politiky USA diplomová práca

Guardado en:
Detalles Bibliográficos
Autor principal: Kurová, Zuzana
Autor Corporativo: Obchodná fakulta EU. Katedra medzinárodného obchodu
Otros Autores: Rosenberg, Miloslav
Formato: Libro
Lenguaje:eslovaco
Publicado: Bratislava 2009
Etiquetas: Agregar Etiqueta
Sin Etiquetas, Sea el primero en etiquetar este registro!

MARC

LEADER 00000nam$a2200000$$$4500
001 0100807
005 20240318133853.7
041 0 |a slo 
044 |a SK 
245 1 0 |a Stratégia proexportnej politiky USA  |b diplomová práca  |c Zuzana Kurová ; Miloslav Rosenberg 
264 1 |a Bratislava  |c 2009 
300 |a 92 s. 
100 1 |a Kurová, Zuzana 
700 1 |a Rosenberg, Miloslav 
710 2 |a Obchodná fakulta EU. Katedra medzinárodného obchodu